Southville International School and Colleges
Your cart is empty.
  • Cart
  • Lists
    Public lists Eva Luna New books Lux_list list_1
    Your lists Log in to create your own lists
  • Log in to your account
  • Your cookies
  • Search history
Southville International School and Colleges
  • Advanced search
  • Recent comments
  • Most popular
  • Libraries

Log in to your account

Log in with GOOGLE


If you do not have an external account, but do have a local account, you can still log in:

  1. Home
  2. MARC view: African mythology /
Normal view MARC view ISBD view

African mythology / (Record no. 9089)

[ view plain ]
MARC details
000 -LEADER
fixed length control field 01036cam a2200313 a 4500
001 - CONTROL NUMBER
control field 107784
003 - CONTROL NUMBER IDENTIFIER
control field OSt
005 - DATE AND TIME OF LATEST TRANSACTION
control field 20140310182055.0
008 - FIXED-LENGTH DATA ELEMENTS--GENERAL INFORMATION
fixed length control field 961029r19961982enka b 001 0 eng
010 ## - LIBRARY OF CONGRESS CONTROL NUMBER
LC control number 96214644
015 ## - NATIONAL BIBLIOGRAPHY NUMBER
National bibliography number GB96-47930
020 ## - INTERNATIONAL STANDARD BOOK NUMBER
International Standard Book Number 1851529284
035 ## - SYSTEM CONTROL NUMBER
System control number (Uk)1851529284
Canceled/invalid control number (Uk)c899443542
035 ## - SYSTEM CONTROL NUMBER
System control number (CStRLIN)UKBPGB9647930-B
040 ## - CATALOGING SOURCE
Original cataloging agency DLC
Transcribing agency DLC
Modifying agency DLC
050 00 - LIBRARY OF CONGRESS CALL NUMBER
Classification number BL 2462.5
Item number .P37 1996
082 00 - DEWEY DECIMAL CLASSIFICATION NUMBER
Classification number HS 398.2
Item number P248
100 1# - MAIN ENTRY--PERSONAL NAME
Personal name Parrinder, Edward Geoffrey.
9 (RLIN) 12388
245 10 - TITLE STATEMENT
Title African mythology /
Statement of responsibility, etc Geoffrey Parrinder.
260 ## - PUBLICATION, DISTRIBUTION, ETC. (IMPRINT)
Place of publication, distribution, etc London :
Name of publisher, distributor, etc Chancellor Press,
Date of publication, distribution, etc c1996.
300 ## - PHYSICAL DESCRIPTION
Extent 144 p. :
Other physical details ill. (some col.) ;
Dimensions 29 cm.
440 #0 - SERIES STATEMENT/ADDED ENTRY--TITLE
Title Library of the world's myths and legends
9 (RLIN) 12389
500 ## - GENERAL NOTE
General note Includes bibliographical references (p. 142) and index.
650 #0 - SUBJECT ADDED ENTRY--TOPICAL TERM
Topical term or geographic name as entry element Mythology, Sub-Saharan African.
9 (RLIN) 12390
906 ## - LOCAL DATA ELEMENT F, LDF (RLIN)
a 7
b cbc
c origres
d 3
e ncip
f 19
g y-gencatlg
942 ## - ADDED ENTRY ELEMENTS (KOHA)
Source of classification or shelving scheme Library of Congress Classification
Koha item type
Holdings
Withdrawn status Lost status Source of classification or shelving scheme Damaged status Home library Current library Shelving location Date acquired Total Checkouts Full call number Barcode Date last seen Copy number Price effective from Koha item type
    Library of Congress Classification   Luxembourg Library Luxembourg Library High School Section 08/22/2013   BL 2462.5 .P37 1996 6585 06/13/2017 1 08/22/2013 Books

African mythology /

APA

Parrinder E. G., . (1996). African mythology. London: Chancellor Press.

Chicago

Parrinder Edward Geoffrey, . 1996. African mythology. London: Chancellor Press.

Harvard

Parrinder E. G., . (1996). African mythology. London: Chancellor Press.

MLA

Parrinder Edward Geoffrey, . African mythology. London: Chancellor Press. 1996.

  • Place hold
  • Print
  • Cite
  • Add to your cart (remove)
  • Save record
    BIBTEX Dublin Core MARCXML MARC (non-Unicode/MARC-8) MARC (Unicode/UTF-8) MARC (Unicode/UTF-8, Standard) MODS (XML) RIS
  • More searches
    Search for this title in:
    Other Libraries (WorldCat) Other Databases (Google Scholar) Online Stores (Bookfinder.com) Open Library (openlibrary.org)

Exporting to Dublin Core...

SOUTHVILLE LIBRARY

Southville International School and Colleges Library

1281 Tropical Ave. Cor. Luxembourg St., BF Homes International, Las Pinas City

Tel. No. 8256374 / 252358 Loc. 117/146

Powered by Koha